| 000 | 01039pam a22002654a 4500 | ||
|---|---|---|---|
| 001 | 3574209 | ||
| 005 | 20250207172228.0 | ||
| 008 | 990128s1999 caua b 001 0 eng | ||
| 020 | _a0761917489 (alk. paper) | ||
| 020 | _a0761917497 (pbk.) | ||
| 020 | _a9780761917496 | ||
| 050 | 0 | 0 |
_aHC79.I55 _bE435 1999 |
| 082 | 0 | 0 |
_a658.4/038/011 _221 |
| 245 | 0 | 0 |
_aEmerging information technologies : _bimproving decisions, cooperation, and infrastructure / _cKenneth E. Kendall, editor. |
| 260 |
_aThousand Oaks, Calif. : _bSage Publications, _cc1999. |
||
| 300 |
_ax, 373 p. : _bill. ; _c24 cm. |
||
| 650 | 0 |
_aInformation technology _xSocial aspects. |
|
| 650 | 0 | _aDecision support systems. | |
| 650 | 0 | _aManagement information systems. | |
| 650 | 0 | _aInformation technology. | |
| 700 | 1 |
_aKendall, Kenneth E., _d1948- |
|
| 856 | 4 | 2 |
_3Publisher description _uhttp://www.loc.gov/catdir/enhancements/fy0656/99006076-d.html |
| 856 | 4 | 1 |
_3Table of contents only _uhttp://www.loc.gov/catdir/enhancements/fy0656/99006076-t.html |
| 942 |
_2lcc _cBK _n0 |
||
| 999 |
_c3568 _d3568 |
||